00581nam a2200181 a 450000100100000000500170001000800410002704000250006808200160009310000270010924500530013626000840018930000200027349000330029365000170032683000390034399900170038200002083520241028095415.0100818s1979 ve 000 0 spa d aDO-SdBNPbspacBPJMB aV862bP349a1 aPeña, Edilio.94367010aApuntes sobre el texto teatral /cEdilio Peña. aCaracas :bFundación para la Cultura y las Artes del Distrito Federal,c1979. a57 p. ;c22 cm.1 aCuadernos de Difusión,v37 0aTeatro97455 0aCuadernos de Difusión,v3796694 c20338d20338